logo

Bir Sreshtho Munshi Abdur Rouf Library
Jhenaidah Cadet College

Louis Pasteur / (Record no. 4951)

MARC details
000 -LEADER
fixed length control field 00693nam a2200253 a 4500
001 - CONTROL NUMBER
JCCL Control Number 4951
003 - CONTROL NUMBER IDENTIFIER
JCCL marc code BD-JhCC
005 - DATE AND TIME OF LATEST TRANSACTION
control field 20180308191453.0
008 - FIXED-LENGTH DATA ELEMENTS--GENERAL INFORMATION
fixed length control field 820128s1959 enka 000 0 eng d
035 ## - SYSTEM CONTROL NUMBER
system control number (BD-JhCC)4951
040 ## - CATALOGING SOURCE
Original cataloging agency NLM
Transcribing agency NLM
Modifying agency UKM
-- EQO
-- BD-JhCC
041 ## - LANGUAGE CODE
Language code of Book eng
060 0# - NATIONAL LIBRARY OF MEDICINE CALL NUMBER
Classification number WZ 100
Item number P291AT 1954
082 04 - DEWEY DECIMAL CLASSIFICATION NUMBER
Classification number 616.010924
DDC Edition number 18
Author mark and Year ATT 1959
100 1# - MAIN ENTRY--PERSONAL NAME
Personal name Attwood, Evelyn.
245 10 - TITLE STATEMENT
Title Louis Pasteur /
Statement of responsibility, etc Evelyn Attwood,
260 ## - PUBLICATION, DISTRIBUTION, ETC. (IMPRINT)
Place of publication, distribution, etc London :
Name of publisher, distributor, etc Longmans, Green,
Date of publication, distribution, etc 1959
300 ## - PHYSICAL DESCRIPTION
Pagination v, 154 p.
Other physical details ill.
Dimensions 19 cm.
490 1# - SERIES STATEMENT
Series statement Lives of achievement series
600 10 - SUBJECT ADDED ENTRY--PERSONAL NAME
Personal name Pasteur, Louis,
Dates associated with a name 1822-1895.
830 #0 - SERIES ADDED ENTRY--UNIFORM TITLE
Uniform title Lives of achievement series
942 ## - ADDED ENTRY ELEMENTS (KOHA)
Source of classification or shelving scheme Dewey Decimal Classification
Koha item type Books
Holdings
Source of classification or shelving scheme Damaged status Not for loan Home library Current library Shelving location Date of accession Total Checkouts Full call number Barcode Date last seen Copy number Koha item type
Dewey Decimal Classification     JCC Rouf Library JCC Rouf Library General Stacks 12/05/2017   616.010924 ATT 1959 6868 12/05/2017 C-1 Books
Dewey Decimal Classification     JCC Rouf Library JCC Rouf Library General Stacks 12/05/2017   616.010924 ATT 1959 6860 12/05/2017 C- 2 Books
Dewey Decimal Classification     JCC Rouf Library JCC Rouf Library General Stacks 12/06/2017   616.010924 ATT 1959 6995 12/06/2017 C-3 Books
Dewey Decimal Classification     JCC Rouf Library JCC Rouf Library General Stacks 12/12/2017   616.010924 ATT 1959 7024 12/12/2017 C- 4 Books
Dewey Decimal Classification     JCC Rouf Library JCC Rouf Library General Stacks 12/13/2017   616.010924 ATT 1959 7568 12/13/2017 C- 5 Books
Dewey Decimal Classification     JCC Rouf Library JCC Rouf Library General Stacks 12/13/2017   616.010924 ATT 1959 7569 12/13/2017 C- 6 Books
Dewey Decimal Classification     JCC Rouf Library JCC Rouf Library General Stacks 12/13/2017   616.010924 ATT 1959 7570 12/13/2017 C- 7 Books
Dewey Decimal Classification     JCC Rouf Library JCC Rouf Library General Stacks 03/04/2018   616.010924 ATT 1959 11804 03/04/2018 C-8 Books
Dewey Decimal Classification     JCC Rouf Library JCC Rouf Library General Stacks 03/04/2018   616.010924 ATT 1959 11805 03/04/2018 C-9 Books
Dewey Decimal Classification     JCC Rouf Library JCC Rouf Library General Stacks 03/04/2018   616.010924 ATT 1959 11806 03/04/2018 C-10 Books
Dewey Decimal Classification     JCC Rouf Library JCC Rouf Library General Stacks 03/07/2018   616.010924 ATT 1959 12032 03/07/2018 C-10 Books
Dewey Decimal Classification     JCC Rouf Library JCC Rouf Library General Stacks     616.010924 ATT 1959 12054 03/08/2018 C - 12 Books
Dewey Decimal Classification     JCC Rouf Library JCC Rouf Library General Stacks 03/08/2018   616.010924 ATT 1959 12260 03/10/2018 C-13 Books
Dewey Decimal Classification     JCC Rouf Library JCC Rouf Library General Stacks 03/10/2018   616.010924 ATT 1959 12259 03/10/2018 C-14 Books
Dewey Decimal Classification     JCC Rouf Library JCC Rouf Library General Stacks 03/10/2018   616.010924 ATT 1959 12258 03/10/2018 C-15 Books
Dewey Decimal Classification     JCC Rouf Library JCC Rouf Library General Stacks 03/14/2018   616.010924 ATT 1959 12645 03/14/2018 C-16 Books

JCC Library | Contacts | JCC Home

Last Update on 23 September 2017
Copyright @ 2017-2020 JCC Rouf Library
Rouf Library, Jhenidah Cadet College (JCC), Bangladesh